Adhunikata, uttar-adhunikta avam nav-samajshastriya siddhant (Record no. 118743)

MARC details
000 -LEADER
fixed length control field 00380nam a2200145Ia 4500
008 - FIXED-LENGTH DATA ELEMENTS--GENERAL INFORMATION
fixed length control field 230917s9999||||xx |||||||||||||| ||und||
040 ## - CATALOGING SOURCE
-- 101029
Original cataloging agency VIVEKANANDA LIBRARY
041 ## - Language
-- English
082 ## - DDC NUMBER
Classification number 301.04 D74A
100 ## - MAIN ENTRY--PERSONAL NAME
Personal name Doshi, S L
245 #0 - TITLE STATEMENT
Title Adhunikata, uttar-adhunikta avam nav-samajshastriya siddhant
260 ## - PUBLICATION, DISTRIBUTION, ETC. (IMPRINT)
Place of publication, distribution, etc New Delhi
Name of publisher, distributor, etc Rawat
Date of publication, distribution, etc 2003
300 ## - PHYSICAL DESCRIPTION
Pages xi, 466 p.
942 ## - ADDED ENTRY ELEMENTS (KOHA)
Koha item type Books
Holdings
Withdrawn status Lost status Damaged status Not for loan Location (home branch) Sublocation or collection (holding branch) Date acquired Koha issues (times borrowed) Koha full call number Accession No. Koha date last seen Koha item type
        VIVEKANANDA LIBRARY VIVEKANANDA LIBRARY 22/03/2004 1 301.04 D74A 210637 16/09/2024 Books
© Designed and Maintained by Vivekananda Library, MDU Rohtak